[Event "Ì17Ï"]
[Site "Loo"]
[Date "2017.04.22"]
[Round "3.37"]
[White "Ñàòäàðîâ, Ìèõàèë."]
[Black "Êóðáàíîâ, Íàðèìàí."]
[Result "1-0"]
[WhiteElo "1496"]
[BlackElo "1614"]
[PlyCount "31"]
[EventDate "2017.04.20"]

1. e4 c5 2. Nf3 g6 3. d4 cxd4 4. Nxd4 Bg7 5. c4 Nc6 6. Be3 Nf6 7. Nc3 O-O 8. f3
d6 9. Be2 Bd7 10. O-O Nxd4 11. Bxd4 Bc6 12. b3 a5 13. Nd5 Bxd5 14. cxd5 Nd7 15.
Bxg7 Kxg7 16. Rc1 {äàëåå çàïèñü íåðàçáîð~~èâà} 1-0

[Event "Ì17Ï"]
[Site "Loo"]
[Date "2017.04.22"]
[Round "3.38"]
[White "Ìóðàòîâ, Ìàêñèì."]
[Black "Êóðèíîâ, Þðèé."]
[Result "1-0"]
[WhiteElo "1581"]
[BlackElo "1254"]
[PlyCount "53"]
[EventDate "2017.04.20"]

1. e4 d5 2. exd5 Qxd5 3. Nc3 Qa5 4. d4 Nf6 5. Nf3 Bf5 6. Bc4 e6 7. O-O Bd6 8.
Bd2 c6 9. Ne4 Qc7 10. Nxf6+ gxf6 11. Bh6 Nd7 12. c3 O-O-O 13. b4 Rhg8 14. Kh1
Rg6 15. Qd2 Rdg8 16. Nh4 Rg4 17. Nxf5 exf5 18. Bxf7 Rd8 19. g3 Nb6 20. f3 Qxf7
21. fxg4 Nc4 22. Qd3 fxg4 23. Qf5+ Kb8 24. Qxf6 Qd5+ 25. Kg1 Bc7 26. Bf4 Bxf4
27. Rxf4 1-0

[Event "Ì17Â"]
[Site "Loo"]
[Date "2017.04.22"]
[Round "3.1"]
[White "Ñàëåìãàðååâ, Òàãèð."]
[Black "Ôàõðóòäèíîâ, Òèìóð."]
[Result "1-0"]
[WhiteElo "2334"]
[BlackElo "2437"]
[PlyCount "137"]
[EventDate "2017.04.20"]

1. Nf3 Nf6 2. c4 e6 3. g3 d5 4. Bg2 Be7 5. O-O O-O 6. d4 c6 7. Nc3 Nbd7 8. Qd3
b6 9. e4 Ba6 10. b3 Rc8 11. Bb2 c5 12. exd5 exd5 13. Rad1 dxc4 14. bxc4 cxd4
15. Nb5 Nc5 16. Qf5 Bxb5 17. cxb5 d3 18. Ne5 Qc7 19. Nc6 Rfe8 20. Rfe1 Bf8 21.
Bxf6 gxf6 22. Be4 Nxe4 23. Rxe4 Rxe4 24. Qxe4 a6 25. a4 axb5 26. axb5 Qd7 27.
Rxd3 Qe6 28. Qf3 f5 29. Rd5 Qe4 30. Qxf5 Qxf5 31. Rxf5 Ra8 32. Kg2 Ra2 33. Ne5
Bc5 34. Nxf7 Rb2 35. Ng5 Rxb5 36. Ne6 Ra5 37. Nxc5 bxc5 38. h4 Kg7 39. h5 Rb5
40. Kh3 Rb2 41. f4 c4 42. Rc5 Rc2 43. Rc7+ Kh6 44. Kg4 c3 45. Kf5 Ra2 46. g4
Ra5+ 47. Ke4 Ra3 48. Rc4 Rb3 49. Kd4 Rb1 50. Rxc3 Rb6 51. Kd5 Rb4 52. Rc6+ Kg7
53. Rc4 Rb5+ 54. Ke4 h6 55. Rc7+ Kg8 56. Re7 Ra5 57. Rd7 Rb5 58. Rd5 Rb6 59.
Kf5 Kg7 60. Rd7+ Kg8 61. Re7 Rb4 62. g5 hxg5 63. fxg5 Rb5+ 64. Kf6 Rb8 65. g6
Rb6+ 66. Re6 Rb8 67. h6 Ra8 68. Rd6 Kh8 69. Ke7 1-0

[Event "Ì17Â"]
[Site "Loo"]
[Date "2017.04.22"]
[Round "3.2"]
[White "Áûêîâ, Îëåã."]
[Black "Ãàéôóëëèí, Àðòóð."]
[Result "1-0"]
[WhiteElo "2314"]
[BlackElo "2395"]
[PlyCount "147"]
[EventDate "2017.04.20"]

1. Nf3 Nf6 2. g3 d5 3. Bg2 Bg4 4. O-O c6 5. c4 e6 6. cxd5 exd5 7. h3 Bh5 8. d3
Nbd7 9. Nh4 Bc5 10. Nc3 O-O 11. Bf4 Re8 12. d4 Bb4 13. Nf3 Bxc3 14. bxc3 Ne4
15. Qb3 Nb6 16. g4 Bg6 17. Ne5 Nd6 18. Rfe1 Qe7 19. f3 Ndc4 20. Nxg6 hxg6 21.
e4 Qf6 22. Bg3 g5 23. Rad1 Re6 24. e5 Qe7 25. Bf1 a5 26. Bd3 a4 27. Qc2 Ra5 28.
Qc1 a3 29. Bf5 Rh6 30. h4 g6 31. hxg5 Rh8 32. e6 gxf5 33. gxf5 f6 34. gxf6 Qxf6
35. e7 Kf7 36. Qf4 Nd6 37. Re6 Qxf5 38. Rxd6 Qxf4 39. Bxf4 Rg8+ 40. Kf2 Nc8 41.
Rd8 Nxe7 42. Rd7 Ke8 43. Rxb7 Rb5 44. Rxb5 cxb5 45. Rb1 Kd7 46. Rxb5 Ke6 47.
Ra5 Rf8 48. Be5 Ng6 49. Bg3 Rc8 50. Rxa3 Kf5 51. Ke2 Ne7 52. Kd3 Rh8 53. Ra7
Ke6 54. Ra6+ Kd7 55. Rd6+ Ke8 56. Be5 Rh3 57. Rf6 Rh1 58. Kc2 Kd7 59. Kb2 Rf1
60. a4 Ng8 61. Rd6+ Kc8 62. Rxd5 Rxf3 63. a5 Ne7 64. Rc5+ Kd7 65. Rc7+ Ke6 66.
a6 Rf8 67. a7 Ra8 68. Rxe7+ Kxe7 69. Bb8 Ke6 70. Kb3 Kd5 71. Kb4 Kc6 72. c4 Kb7
73. Kb5 Kc8 74. Kc6 1-0

[Event "Ì17Â"]
[Site "Loo"]
[Date "2017.04.22"]
[Round "3.3"]
[White "Ìàëûøåâ, Ãðèãîðèé."]
[Black "Ãàñàíîâ, Çàóð."]
[Result "1/2-1/2"]
[WhiteElo "2383"]
[BlackElo "2264"]
[PlyCount "127"]
[EventDate "2017.04.20"]

1. d4 Nf6 2. c4 g6 3. g3 Bg7 4. Bg2 d5 5. cxd5 Nxd5 6. Nf3 O-O 7. O-O Nc6 8.
Nc3 Nb6 9. e3 a5 10. Qe2 e5 11. dxe5 Nxe5 12. Rd1 Qe7 13. Nxe5 Bxe5 14. e4 Be6
15. Be3 Nc4 16. Bd4 c6 17. Nd5 cxd5 18. exd5 Bg4 19. Qxg4 Nxb2 20. d6 Qf6 21.
Bxe5 Qxe5 22. Qd4 Rae8 23. Qxe5 Rxe5 24. Rd4 b5 25. Rc1 Nc4 26. a4 Rd8 27. axb5
Nxd6 28. Rcd1 Re6 29. Bc6 Kg7 30. Ra1 Nxb5 31. Rxd8 Rxc6 32. Rxa5 Nd6 33. Rd7
Nf5 34. Raa7 Rf6 35. h4 h5 36. Kg2 Nh6 37. f3 Rf5 38. Ra4 Rb5 39. g4 Rb2+ 40.
Kg3 hxg4 41. fxg4 Rb3+ 42. Kf4 Rh3 43. Kg5 Rb3 44. Rad4 Rg3 45. h5 gxh5 46.
Kxh5 Rh3+ 47. Kg5 Rg3 48. Rf4 Rg1 49. Rdd4 Rh1 50. Rf6 Ra1 51. Rf3 Rg1 52. Kh4
Rh1+ 53. Rh3 Rg1 54. Rf4 Kg6 55. Ra3 Rh1+ 56. Kg3 Rg1+ 57. Kh3 Kg5 58. Rb4 Nxg4
59. Rg3 Rh1+ 60. Kg2 Rh2+ 61. Kg1 Rh4 62. Kg2 f5 63. Rgb3 Rh2+ 64. Kg1 1/2-1/2

[Event "Ì17Â"]
[Site "Loo"]
[Date "2017.04.22"]
[Round "3.4"]
[White "Ìíàöàêàíÿí, Àðñåí."]
[Black "Êàðïåíêî, Àðòåì."]
[Result "0-1"]
[WhiteElo "2274"]
[BlackElo "2362"]
[PlyCount "104"]
[EventDate "2017.04.20"]

1. Nf3 d5 2. c4 d4 3. e4 c5 4. d3 Nc6 5. g3 g6 6. Bg2 Bg7 7. O-O e5 8. a3 Nge7
9. Bd2 a5 10. Qc1 O-O 11. Bh6 f6 12. Bxg7 Kxg7 13. h3 Be6 14. Nbd2 a4 15. Qc2
Qd7 16. Kh2 Nc8 17. b3 axb3 18. Qxb3 Nd6 19. Qc2 Ra6 20. Rfb1 Rfa8 21. Qc1 Na7
22. Ne1 Nac8 23. Nb3 Qc7 24. f4 Nf7 25. Kg1 Nb6 26. Nf3 Na4 27. fxe5 Nxe5 28.
Nxe5 Nc3 29. Rb2 fxe5 30. Rf2 h6 31. Qb2 b5 32. cxb5 Nxb5 33. Rc1 Nc3 34. Nd2
Rb8 35. Qa1 Qa5 36. Rcf1 Bg8 37. Qe1 Qxa3 38. Rf3 Qa2 39. g4 Rb2 40. R3f2 Rc2
41. Kh1 Qb2 42. Rf8 Rxd2 43. Qh4 g5 44. Qh5 Qa2 45. Qe8 Qe6 46. Rxg8+ Qxg8 47.
Qe7+ Kg6 48. Rf8 Qe6 49. Qd8 Ra7 50. Rg8+ Rg7 51. Re8 Qf6 52. Qc8 Rd1+ 0-1

[Event "Ì17Â"]
[Site "Loo"]
[Date "2017.04.22"]
[Round "3.5"]
[White "Ëîáàíîâ, Ñåðãåé."]
[Black "Ñàèäîâ, Áèëóõàæ."]
[Result "0-1"]
[WhiteElo "2429"]
[BlackElo "2209"]
[PlyCount "100"]
[EventDate "2017.04.20"]

1. e4 c5 2. Nf3 d6 3. d4 cxd4 4. Nxd4 Nf6 5. Nc3 g6 6. Be2 Bg7 7. O-O O-O 8.
Re1 Nc6 9. Nb3 Be6 10. Bf1 Qc7 11. Nd5 Bxd5 12. exd5 Nb4 13. c4 b5 14. a3 bxc4
15. axb4 cxb3 16. Qxb3 Rfb8 17. Bd2 Qb7 18. Bc4 Ng4 19. h3 Ne5 20. Ba6 Qb6 21.
b5 Bf6 22. Be3 Qd8 23. Ra2 Nd7 24. Qc4 Nc5 25. b4 Nxa6 26. Rxa6 Qd7 27. Rc6 Kg7
28. Rc1 Rb7 29. b6 axb6 30. Bxb6 Ra4 31. Qb3 Ra8 32. b5 Rab8 33. Rc7 Qe8 34.
Rxb7 Rxb7 35. Rc6 Qb8 36. Qe3 Qa8 37. g4 Qa1+ 38. Rc1 Qb2 39. g5 Be5 40. f4
Rxb6 41. fxe5 Rxb5 42. exd6 exd6 43. Rd1 Rb3 44. Qf4 Qc3 45. h4 Rb4 46. Qf2
Rg4+ 47. Kh2 Qe5+ 48. Kh3 Rf4 49. Qg3 Qf5+ 50. Kh2 Rf3 0-1

[Event "Ì17Â"]
[Site "Loo"]
[Date "2017.04.22"]
[Round "3.6"]
[White "Ýðãåøîâ, Òèìóð."]
[Black "Ôàõðåòäèíîâ, Ðèíàò."]
[Result "1-0"]
[WhiteElo "2326"]
[BlackElo "2248"]
[PlyCount "119"]
[EventDate "2017.04.20"]

1. d4 d5 2. c4 e6 3. Nc3 Be7 4. cxd5 exd5 5. Bf4 Nf6 6. e3 Bf5 7. Bd3 Bxd3 8.
Qxd3 c6 9. Nf3 Nbd7 10. h3 O-O 11. O-O Re8 12. Bh2 Bb4 13. a3 Bxc3 14. Qxc3 Ne4
15. Qc2 Nb6 16. b3 f6 17. Ne1 Qe7 18. Nd3 Rac8 19. Rfc1 Nd7 20. Qe2 g6 21. Qe1
Kg7 22. Rc2 a6 23. Qc1 Nf8 24. Qb2 Ne6 25. Re1 Qd7 26. a4 Nd6 27. Rec1 a5 28.
Qc3 Ra8 29. Rb2 Rec8 30. Nc5 Nxc5 31. dxc5 Nf7 32. Rd1 Re8 33. Rd4 Ra7 34. Re2
Ng5 35. f3 Raa8 36. Rd1 Qf5 37. h4 Nf7 38. Bc7 Ne5 39. Rd4 Rac8 40. Bxa5 Re7
41. Qc2 Qh5 42. Be1 Rce8 43. Bf2 Nxf3+ 44. gxf3 Qxf3 45. Red2 Re4 46. Qd1 Qf5
47. Rxe4 Qxe4 48. Rd4 Qe5 49. Qg4 g5 50. Kg2 Kg6 51. Qg3 Qf5 52. Qf3 Qe6 53. b4
h5 54. b5 Qd7 55. bxc6 bxc6 56. e4 Re5 57. Bg3 dxe4 58. Qxf6+ Kxf6 59. Bxe5+
Kxe5 60. Rxd7 1-0

[Event "Ì17Â"]
[Site "Loo"]
[Date "2017.04.22"]
[Round "3.7"]
[White "Øàíäðûãèí, Íèêèòà."]
[Black "ßøìåòîâ, Ìèõàèë."]
[Result "1/2-1/2"]
[WhiteElo "2222"]
[BlackElo "2322"]
[PlyCount "97"]
[EventDate "2017.04.20"]

1. e4 c5 2. Nf3 e6 3. d4 cxd4 4. Nxd4 a6 5. c4 Qc7 6. Nc3 Nc6 7. a3 Nf6 8. Be2
Be7 9. Be3 d6 10. O-O Bd7 11. Rc1 Rc8 12. f3 Qb8 13. b4 O-O 14. Nb3 b6 15. Qd2
Bd8 16. Rfd1 Bc7 17. Bf4 Ne5 18. Bxe5 dxe5 19. Qe3 a5 20. Rb1 axb4 21. axb4 Bc6
22. Kh1 Rcd8 23. Rdc1 Rd4 24. Qg1 Rfd8 25. g3 h5 26. Qg2 h4 27. Rc2 hxg3 28.
hxg3 g6 29. b5 Ba8 30. c5 bxc5 31. Nxc5 Bb6 32. N3a4 Kg7 33. Nxb6 Qxb6 34. Rbc1
Nxe4 35. fxe4 Bxe4 36. Bf3 Bxc2 37. Qxc2 Qxb5 38. Qc3 Qb8 39. Qe3 Rh8+ 40. Kg1
Qb2 41. Nxe6+ Kf6 42. Nxd4 Qxd4 43. Rc6+ Ke7 44. Qxd4 exd4 45. Kf2 Rb8 46. Rc7+
Ke6 47. Rb7 Rxb7 48. Bxb7 Ke5 49. Kf3 1/2-1/2

[Event "Ì17Â"]
[Site "Loo"]
[Date "2017.04.22"]
[Round "3.8"]
[White "Âàñèë¸íîê, Àíòîí."]
[Black "Ãðèãîðüåâ, Èëüÿ."]
[Result "1-0"]
[WhiteElo "2174"]
[BlackElo "2309"]
[PlyCount "55"]
[EventDate "2017.04.20"]

1. d4 Nf6 2. c4 g6 3. f3 d5 4. cxd5 Nxd5 5. e4 Nb6 6. Nc3 Bg7 7. Be3 O-O 8. Qd2
Nc6 9. O-O-O f5 10. e5 Nb4 11. Nh3 a5 12. a3 N4d5 13. Nf4 Nxe3 14. Qxe3 g5 15.
Nh5 f4 16. Qe4 Bf5 17. Qxb7 Bh6 18. g4 fxg3 19. hxg3 Bd7 20. Qe4 Rxf3 21. Nf6+
exf6 22. Rxh6 Rxc3+ 23. bxc3 f5 24. Bc4+ Kf8 25. Rxh7 fxe4 26. Rf1+ Ke8 27.
Rh8+ Ke7 28. Rf7# 1-0

[Event "Ì17Â"]
[Site "Loo"]
[Date "2017.04.22"]
[Round "3.9"]
[White "Àáðàìîâ, Íèêèòà."]
[Black "Ñìîð÷êîâ, Äàíèë."]
[Result "1-0"]
[WhiteElo "2340"]
[BlackElo "2151"]
[PlyCount "73"]
[EventDate "2017.04.20"]

1. e4 c5 2. Nf3 Nc6 3. d4 cxd4 4. Nxd4 g6 5. c4 Nf6 6. Nc3 Nxd4 7. Qxd4 d6 8.
f3 Bg7 9. Be3 O-O 10. Qd2 a5 11. b3 a4 12. b4 Be6 13. Rc1 Nd7 14. Be2 Ne5 15.
Nd5 f5 16. exf5 Bxf5 17. Nb6 Rb8 18. Nxa4 Ra8 19. Nc3 Ra3 20. O-O Qa8 21. Bd4
Rc8 22. Nd5 Bf6 23. Ra1 Kg7 24. Nxf6 exf6 25. Rfc1 Re8 26. Bf1 Re7 27. Rc3 Ra4
28. c5 dxc5 29. Bxc5 Rd7 30. Qb2 Nd3 31. Bxd3 Bxd3 32. a3 Bf5 33. Re1 Ra6 34.
Rce3 Qd8 35. Re8 Qc7 36. Bf8+ Kf7 37. Qb3+ 1-0

[Event "Ì17Â"]
[Site "Loo"]
[Date "2017.04.22"]
[Round "3.10"]
[White "Ðóäåíêî, Íàóì."]
[Black "Ãóðüÿíîâ, Äàíèë."]
[Result "0-1"]
[WhiteElo "2263"]
[BlackElo "2116"]
[PlyCount "120"]
[EventDate "2017.04.20"]

1. d4 Nf6 2. c4 e6 3. Nf3 b6 4. a3 Bb7 5. Nc3 Be7 6. Qc2 d5 7. Bf4 Bd6 8. Bxd6
cxd6 9. cxd5 Nxd5 10. Nxd5 Bxd5 11. e4 Bb7 12. Bb5+ Nd7 13. O-O O-O 14. Rac1
Nf6 15. Bd3 Rc8 16. Qb1 h6 17. Nd2 e5 18. d5 Qd7 19. b3 Rxc1 20. Rxc1 Rc8 21.
Nc4 Ba6 22. f3 Bxc4 23. Bxc4 Qc7 24. Rc2 Qc5+ 25. Kf1 Qxa3 26. Ra2 Qb4 27. Rxa7
b5 28. Be2 Rc3 29. Bd1 Qc5 30. Ra6 Qe3 31. Rc6 Nd7 32. Rxc3 Qxc3 33. Be2 Nc5
34. Qa2 Nxb3 35. Qa8+ Kh7 36. Qc6 Qa1+ 37. Kf2 Nd4 38. Qxd6 Qb2 39. Qxe5 Qxe2+
40. Kg3 Qe3 41. h4 Ne2+ 42. Kg4 g6 43. h5 gxh5+ 44. Kxh5 Qf4 45. Qxf4 Nxf4+ 46.
Kg4 Nd3 47. d6 b4 48. Kf5 Nc5 49. Ke5 b3 50. Kd4 b2 51. Kxc5 b1=Q 52. Kc6 Qc2+
53. Kb7 Qxg2 54. d7 Qd2 55. Kc7 Qa5+ 56. Kc8 Qc5+ 57. Kd8 Kg7 58. f4 Kf6 59.
e5+ Ke6 60. f5+ Kxe5 0-1

[Event "Ì17Â"]
[Site "Loo"]
[Date "2017.04.22"]
[Round "3.11"]
[White "Ñóâîðîâ, Àëåêñàíäð."]
[Black "Êàëàáóõîâ, Áîãäàí."]
[Result "0-1"]
[WhiteElo "2107"]
[BlackElo "2263"]
[PlyCount "152"]
[EventDate "2017.04.20"]

1. e4 c5 2. c3 Nf6 3. e5 Nd5 4. d4 cxd4 5. Nf3 Nc6 6. cxd4 d6 7. Bc4 dxe5 8.
Bxd5 Qxd5 9. Nc3 Qd6 10. d5 Nd4 11. Nxd4 exd4 12. Qxd4 e5 13. Qd3 Bd7 14. O-O
Qg6 15. Qxg6 hxg6 16. f4 Bc5+ 17. Kh1 Bd4 18. Re1 Rh5 19. fxe5 Rxe5 20. Bf4
Rxe1+ 21. Rxe1+ Kf8 22. h3 Re8 23. Rd1 Bf2 24. g4 f6 25. Kg2 Bc5 26. Kf3 g5 27.
Bc1 Bb6 28. Ne4 Bb5 29. b3 Be2+ 30. Kxe2 Rxe4+ 31. Kf3 Re5 32. Rd3 Ke7 33. a4
Kd7 34. Bd2 Bc5 35. Bc3 Re8 36. Bd2 a6 37. Bc3 Kd6 38. b4 Bb6 39. Bb2 Re1 40.
Ba3 Kd7 41. Kg2 Re2+ 42. Kf3 Rf2+ 43. Kg3 Ra2 44. Kf3 Ba7 45. Ke4 g6 46. Rf3
Bb8 47. b5 a5 48. Kd4 Be5+ 49. Kc4 b6 50. Kb3 Rd2 51. d6 Ke6 52. Re3 Kd7 53.
Rf3 Ke6 54. Re3 Kf7 55. Rf3 Bxd6 56. Bc1 Rd5 57. Rc3 Bc5 58. Rf3 Ke6 59. Bb2 f5
60. Kc4 Rd2 61. Bc3 Ra2 62. Kb3 Ra3+ 63. Kb2 Rxa4 64. gxf5+ gxf5 65. Rf1 Re4
66. Rh1 Re2+ 67. Kb3 f4 68. Kc4 Re4+ 69. Kd3 Re3+ 70. Kc4 f3 71. Bd2 Re5 72.
Kd3 f2 73. Rf1 Kf5 74. Rh1 g4 75. hxg4+ Kxg4 76. Bc3 Re8 0-1

[Event "Ì17Â"]
[Site "Loo"]
[Date "2017.04.22"]
[Round "3.12"]
[White "Âîéíèêîíèñ, Íèêèòà."]
[Black "Æèòíèêîâ, Êîíñòàíòèí."]
[Result "0-1"]
[WhiteElo "2060"]
[BlackElo "2262"]
[PlyCount "128"]
[EventDate "2017.04.20"]

1. e4 c6 2. d4 d5 3. Nc3 dxe4 4. Nxe4 Bf5 5. Ng3 Bg6 6. Nf3 Nd7 7. Bd3 Bxd3 8.
Qxd3 e6 9. O-O Ngf6 10. c4 Bd6 11. b3 O-O 12. Bb2 Qc7 13. Rfd1 Rac8 14. Ne4 Be7
15. Rd2 Rfd8 16. Rad1 Qb8 17. Nxf6+ Bxf6 18. Qe4 b5 19. Ne5 bxc4 20. Nxc4 Nb6
21. Ba3 Rd5 22. Ne3 Rd7 23. Rc2 Rcd8 24. Bc5 Nd5 25. Ng4 Qb5 26. g3 a5 27. Qd3
h6 28. Nxf6+ Nxf6 29. Qxb5 cxb5 30. Bb6 Ra8 31. Rdc1 Ra6 32. Rc8+ Kh7 33. Rb8
Nd5 34. Bc5 b4 35. a3 bxa3 36. Bxa3 a4 37. b4 Rb6 38. Rxb6 Nxb6 39. Rc6 Rb7 40.
Rc5 Nd5 41. Ra5 Nxb4 42. Rxa4 Nd5 43. Bc5 g5 44. Ra8 g4 45. Kg2 Rb2 46. Kf1 Kg6
47. Ra3 Kf5 48. Ra7 f6 49. Ra3 h5 50. Kg1 Rc2 51. Rb3 Nc3 52. Rb4 Ne4 53. Rb1
Rxf2 54. Rb5 Rc2 55. Bb4+ Kg6 56. d5 exd5 57. Rxd5 Ng5 58. h4 gxh3 59. Rd3 Ne4
60. Be1 Re2 61. Rd1 Ng5 62. Bf2 h2+ 63. Kg2 Ne4 64. Kf3 Nxf2 0-1

[Event "Ì17Â"]
[Site "Loo"]
[Date "2017.04.22"]
[Round "3.13"]
[White "Àðáóçîâ, Ìèõàèë."]
[Black "Ñåëèâàíîâ, Èâàí."]
[Result "0-1"]
[WhiteElo "2048"]
[BlackElo "2259"]
[PlyCount "100"]
[EventDate "2017.04.20"]

1. f4 e5 2. e4 d5 3. exd5 exf4 4. Bb5+ Bd7 5. Qe2+ Qe7 6. Nc3 Nf6 7. Bc4 Bg4 8.
Qxe7+ Bxe7 9. d3 Nh5 10. Nge2 f3 11. gxf3 Bxf3 12. O-O Bxe2 13. Nxe2 O-O 14.
Ng3 Nxg3 15. hxg3 Bd6 16. Bf4 Nd7 17. Rae1 Rfe8 18. Bxd6 cxd6 19. Bb5 Rxe1 20.
Rxe1 Ne5 21. Re3 a6 22. Ba4 Kf8 23. b4 Rc8 24. Bb3 Rc3 25. Kf1 g5 26. Ke1 h5
27. Kd2 Rc7 28. c4 b6 29. c5 bxc5 30. bxc5 Rxc5 31. d4 Nc4+ 32. Kd3 Nxe3 33.
dxc5 Nf5 34. c6 Ke7 35. Bc2 Nxg3 36. Ke3 f5 37. Bd3 a5 38. Kf3 h4 39. a4 Kd8
40. Kg2 g4 41. Bc4 f4 42. Bd3 Kc7 43. Kg1 Kb6 44. Kg2 h3+ 45. Kh2 Nh5 46. Bf5
Nf6 47. Be6 f3 48. Kg1 Ne4 49. Bxg4 f2+ 50. Kf1 h2 0-1

[Event "Ì17Â"]
[Site "Loo"]
[Date "2017.04.22"]
[Round "3.14"]
[White "Ïàâëîâ, Äàíèëà."]
[Black "Ãëóõîâ, Äìèòðèé."]
[Result "1-0"]
[WhiteElo "2253"]
[BlackElo "2028"]
[PlyCount "71"]
[EventDate "2017.04.20"]

1. e4 c5 2. Nf3 e6 3. d4 cxd4 4. Nxd4 Nf6 5. Nc3 d6 6. f4 Nc6 7. Be3 Be7 8. Qf3
e5 9. Nxc6 bxc6 10. f5 Qa5 11. Bc4 Rb8 12. Bb3 O-O 13. O-O-O Nd7 14. g4 Nc5 15.
g5 Nxb3+ 16. cxb3 d5 17. f6 Bb4 18. fxg7 Rd8 19. Na4 d4 20. g6 hxg6 21. Bg5 Qc7
22. Bxd8 Qxd8 23. h4 Rb7 24. Rdg1 Kxg7 25. Qg3 Qf6 26. Rf1 Qe7 27. Rhg1 Bd7 28.
h5 Be8 29. hxg6 fxg6 30. Rh1 Kg8 31. Qh3 Qg7 32. Qe6+ Bf7 33. Qc8+ Bf8 34. Qxb7
g5 35. Rxf7 Qxf7 36. Rh8+ 1-0

[Event "Ì17Â"]
[Site "Loo"]
[Date "2017.04.22"]
[Round "3.15"]
[White "Ãîëèêîâ, Äàíèèë."]
[Black "Øèíêåâè÷, Ìàêñèì."]
[Result "0-1"]
[WhiteElo "2175"]
[BlackElo "2020"]
[PlyCount "82"]
[EventDate "2017.04.20"]

1. c4 Nf6 2. Nf3 g6 3. b3 Bg7 4. Bb2 O-O 5. e3 d6 6. Be2 c6 7. O-O e5 8. Nc3
Re8 9. d4 Nbd7 10. Qc2 Nf8 11. d5 c5 12. a3 Ng4 13. b4 b6 14. bxc5 bxc5 15. Nd2
Nh6 16. Rae1 g5 17. e4 Ng6 18. Nd1 Nf4 19. Ne3 Rb8 20. Bc3 Kh8 21. Nb3 f5 22.
Na5 Qf6 23. Qa4 Rg8 24. Nc6 Ra8 25. exf5 Nxf5 26. Nxf5 Bxf5 27. Qd1 Rae8 28.
Kh1 Qg6 29. Rg1 Rgf8 30. f3 g4 31. fxg4 Bd3 32. Bf1 Be4 33. Re3 Bh6 34. g5 Bxg5
35. Rg3 Qh6 36. Bd2 Nh3 37. Rxh3 Qxh3 38. Bxg5 Rf5 39. Qe2 Rxg5 40. Qxe4 Reg8
41. Ne7 Qxh2+ 0-1

[Event "Ì17Â"]
[Site "Loo"]
[Date "2017.04.22"]
[Round "3.16"]
[White "Èâàíîâ, Êèðèëë."]
[Black "Àñòàôóðîâ, Àðñåíèé."]
[Result "0-1"]
[WhiteElo "1943"]
[BlackElo "2163"]
[PlyCount "50"]
[EventDate "2017.04.20"]

1. d4 Nf6 2. c4 g6 3. Nc3 d5 4. Qb3 dxc4 5. Qxc4 Bg7 6. Nf3 O-O 7. e4 Bg4 8.
Be3 Nfd7 9. Be2 Nb6 10. Qd3 Nc6 11. Rd1 Re8 12. h3 Bxf3 13. Bxf3 e5 14. d5 Nd4
15. Bxd4 exd4 16. Ne2 Qd6 17. O-O c5 18. b3 Nd7 19. Qb5 b6 20. g3 a6 21. Qa4
Nf6 22. Nxd4 cxd4 23. Rxd4 Nd7 24. Rd2 Bc3 25. Rc2 b5 0-1

[Event "Ì17Â"]
[Site "Loo"]
[Date "2017.04.22"]
[Round "3.17"]
[White "Ìåñòíèêîâ, Àéòàë."]
[Black "Ãåéâîíäÿí, Àðñåí."]
[Result "1/2-1/2"]
[WhiteElo "2163"]
[BlackElo "1945"]
[PlyCount "43"]
[EventDate "2017.04.20"]

1. e4 e6 2. d4 d5 3. Nd2 Nc6 4. Ngf3 Nf6 5. e5 Nd7 6. c3 f6 7. Bd3 fxe5 8. dxe5
Ncxe5 9. Nxe5 Nxe5 10. Qh5+ Nf7 11. Bxh7 Bd6 12. Nf3 Qf6 13. O-O Bd7 14. Ng5 g6
15. Qxg6 Qxg6 16. Bxg6 Bxh2+ 17. Kh1 Bf4+ 18. Kg1 Bh2+ 19. Kh1 Bf4+ 20. Kg1
Bh2+ 21. Kh1 Bf4+ 22. Kg1 1/2-1/2

[Event "Ì17Â"]
[Site "Loo"]
[Date "2017.04.22"]
[Round "3.18"]
[White "Çàé÷èêîâ, Àíäðåé."]
[Black "Åëèñååâ, Åãîð."]
[Result "1-0"]
[WhiteElo "2120"]
[BlackElo "1834"]
[PlyCount "107"]
[EventDate "2017.04.20"]

1. e4 c5 2. Nf3 e6 3. d3 d5 4. Nbd2 Nf6 5. g3 Nc6 6. Bg2 Be7 7. O-O O-O 8. Re1
b6 9. e5 Nd7 10. Nf1 Qc7 11. Bf4 Re8 12. h4 Bb7 13. h5 Bf8 14. h6 gxh6 15. Ne3
Ne7 16. Ng4 Ng6 17. Bxh6 Bxh6 18. Nxh6+ Kg7 19. Qd2 Ndxe5 20. Nxe5 Nxe5 21. Qf4
f6 22. Ng4 Qf7 23. Qh6+ Kh8 24. Qxf6+ Qxf6 25. Nxf6 Rf8 26. Nxh7 Rf5 27. f4 Nf7
28. Rxe6 Kxh7 29. Bh3 Rh5 30. Bg4 Bc8 31. Bxh5 Bxe6 32. f5 Bxf5 33. Bxf7 d4 34.
Rf1 Bg6 35. Rf6 Kg7 36. Rxg6+ Kxf7 37. Rc6 Kg7 38. Rc7+ Kg6 39. a4 Re8 40. Kf2
Rf8+ 41. Ke2 Re8+ 42. Kd2 Rh8 43. b3 Rh2+ 44. Kc1 Rh1+ 45. Kb2 Kf5 46. Rxa7 Rh6
47. Ra6 Re6 48. a5 bxa5 49. Rxe6 Kxe6 50. Ka3 Kf5 51. Ka4 Kg4 52. Kxa5 Kxg3 53.
Kb5 Kf3 54. Kxc5 1-0

[Event "Ì17Â"]
[Site "Loo"]
[Date "2017.04.22"]
[Round "3.19"]
[White "Ìåñíÿíêèí, Íèêèòà."]
[Black "Òîêìàøîâ, Ìàêñèì."]
[Result "1/2-1/2"]
[WhiteElo "2204"]
[BlackElo "2067"]
[PlyCount "96"]
[EventDate "2017.04.20"]

1. e4 c5 2. Nf3 d6 3. d4 Nf6 4. Nc3 cxd4 5. Nxd4 e6 6. Be2 a6 7. O-O Be7 8. Be3
O-O 9. a4 Nc6 10. Nb3 b6 11. f4 Qc7 12. g4 Re8 13. Qe1 Bb7 14. Qf2 Nd7 15. f5
Nce5 16. fxe6 fxe6 17. Nd4 Bf8 18. g5 Nc5 19. Qg2 Rac8 20. Rf2 Qb8 21. Raf1 Qa8
22. Qh3 Nxe4 23. Nxe4 Bxe4 24. Nxe6 Bd5 25. Nxf8 Rxf8 26. Rxf8+ Rxf8 27. Rxf8+
Qxf8 28. Bxb6 Nf3+ 29. Bxf3 Qxf3 30. Qxf3 Bxf3 31. a5 Be4 32. c3 Kf7 33. Kf2
Bd3 34. Ke3 Bb5 35. Kd4 Ke6 36. Bc7 Kd7 37. Bb8 Kc6 38. c4 Ba4 39. b4 Bb3 40.
Bxd6 Kxd6 41. b5 axb5 42. cxb5 Bd5 43. h4 Bf3 44. Ke3 Bg2 45. Kf4 Kc5 46. b6
Kb5 47. Kf5 Kxa5 48. g6 hxg6+ 1/2-1/2

[Event "Ì17Â"]
[Site "Loo"]
[Date "2017.04.22"]
[Round "3.20"]
[White "Ïðèâîðîòñêèé, Îëåã."]
[Black "Çàõàðîâ, Íèêîëàé."]
[Result "1-0"]
[WhiteElo "2164"]
[BlackElo "1968"]
[PlyCount "53"]
[EventDate "2017.04.20"]

1. e4 c5 2. Nf3 d6 3. c3 Nf6 4. Be2 g6 5. O-O Bg7 6. Bb5+ Bd7 7. Bxd7+ Nfxd7 8.
d4 Nc6 9. Be3 O-O 10. Na3 a6 11. Qd2 Re8 12. Rad1 Qa5 13. d5 Nce5 14. Nxe5 Nxe5
15. Bh6 Bh8 16. Qe2 b5 17. f4 Nd7 18. Rde1 b4 19. Nc4 Qb5 20. e5 Nb6 21. Nxb6
Qxb6 22. c4 e6 23. dxe6 Rxe6 24. Qf3 Ra7 25. Qd5 dxe5 26. fxe5 Rae7 27. Rxf7
1-0

[Event "Ì17Â"]
[Site "Loo"]
[Date "2017.04.22"]
[Round "3.21"]
[White "Àõòàðèåâ, Àíäðåé."]
[Black "Êîíîíîâ, Âëàäèñëàâ."]
[Result "1-0"]
[WhiteElo "2008"]
[BlackElo "2092"]
[PlyCount "159"]
[EventDate "2017.04.20"]

1. e4 Nf6 2. e5 Nd5 3. d4 d6 4. Nf3 g6 5. Bc4 Nb6 6. Bb3 Bg7 7. Ng5 d5 8. f4 f6
9. Nf3 O-O 10. O-O Nc6 11. c3 Bf5 12. Nh4 Bxb1 13. Rxb1 f5 14. Nf3 Qd7 15. Qe2
Nd8 16. Bc2 Ne6 17. b3 Rac8 18. Be3 c5 19. Rfd1 cxd4 20. cxd4 Rc7 21. Bd3 a6
22. h3 Nc8 23. Qd2 Bh6 24. Rf1 Na7 25. Rbd1 Nb5 26. Rc1 Rfc8 27. g4 Rxc1 28.
Rxc1 Rxc1+ 29. Qxc1 Qc7 30. Qxc7 Nbxc7 31. gxf5 Bxf4 32. Bf2 gxf5 33. Bxf5 h6
34. Kf1 Kf7 35. Ke2 Nd8 36. h4 Nc6 37. h5 Ne6 38. Bg6+ Kg7 39. a4 Nc7 40. Nh4
e6 41. Nf3 b5 42. Bh4 Bc1 43. Be1 Bb2 44. Ke3 Ba3 45. Bc3 a5 46. Bd3 Bc1+ 47.
Ke2 b4 48. Be1 Bb2 49. Bf2 Ne7 50. Bh4 Nc6 51. Bf2 Ne7 52. Kd2 Bc3+ 53. Kc2 Nc6
54. Be3 Na7 55. Bg1 Nc6 56. Bf2 Na7 57. Ng1 Nc6 58. Ne2 Ba1 59. Kb1 Bc3 60.
Nxc3 bxc3 61. Kc2 Na6 62. Bxa6 Nb4+ 63. Kxc3 Nxa6 64. Be3 Nb4 65. Bd2 Kh7 66.
Kb2 Nc6 67. Bc3 Kg7 68. Kc2 Kf7 69. Kd3 Kf8 70. Bb2 Kf7 71. Ba3 Kg7 72. Kc3 Kf7
73. b4 axb4+ 74. Bxb4 Ke8 75. Bc5 Na5 76. Kb4 Nc4 77. a5 Kd7 78. Bf8 Nd2 79.
Bxh6 Ne4 80. Bf4 1-0

[Event "Ì17Â"]
[Site "Loo"]
[Date "2017.04.22"]
[Round "3.22"]
[White "Ëèëîâ, Àëåêñàíäð."]
[Black "Ëåîíîâ, Îëåã."]
[Result "0-1"]
[WhiteElo "2088"]
[BlackElo "1835"]
[PlyCount "66"]
[EventDate "2017.04.20"]

1. e4 c5 2. Nf3 e6 3. d4 cxd4 4. Nxd4 Nf6 5. Nc3 d6 6. f4 a6 7. a4 Nc6 8. Be2
Be7 9. O-O Qc7 10. Be3 O-O 11. Qe1 Nxd4 12. Bxd4 e5 13. Be3 exf4 14. Rxf4 Be6
15. Rd1 Nd7 16. Nd5 Bxd5 17. exd5 Bg5 18. Rf3 Bxe3+ 19. Rxe3 Qxc2 20. Bd3 Qxa4
21. Re4 Qa2 22. Rh4 Nf6 23. Qb4 b5 24. Qd2 Rfe8 25. Rf1 Re5 26. Rxf6 gxf6 27.
Rxh7 Qa1+ 28. Kf2 Rg5 29. h4 Rg7 30. Rh5 Re8 31. Qc3 Qd1 32. Rh6 Qg4 33. Bf1
Qf4+ 0-1